[Event "Olympiad-34"]
[Site "Istanbul"]
[Date "2000.11.10"]
[Round "13.2"]
[White "Almasi, Zoltan"]
[Black "Piket, Jeroen"]
[Result "1-0"]
[WhiteElo "2668"]
[BlackElo "2649"]
[Annotator "Ribli,Z"]
[PlyCount "83"]
[EventDate "2000.10.28"]
[EventType "team-swiss"]
[EventRounds "14"]
[EventCountry "TUR"]
[SourceTitle "EXT 2001"]
[Source "ChessBase"]
[SourceDate "2000.11.22"]
[SourceVersion "1"]
[SourceVersionDate "2000.11.22"]
[SourceQuality "1"]
[WhiteTeam "Hungary"]
[BlackTeam "Netherlands"]
[WhiteTeamCountry "HUN"]
[BlackTeamCountry "NED"]

1. e4 c5 2. Nf3 e6 3. d4 cxd4 4. Nxd4 Nc6 5. Nc3 {Früher spielte Großmeister
Almasi gerne 5.Nb5, aber nach seiner Niederlage gegen Ivanchuk (Almasi, Z. -
Ivanchuk, V Rubinstein mem 2000 ) bevorzugt er die Hauptvariante.} Qc7 6. Be3
a6 7. Bd3 Nf6 8. O-O Nxd4 {Heutzutage ist dieser Zug weniger populär.} 9. Bxd4
Bc5 10. Bxc5 {Almasi wählt die positionelle Fortsetzung und riskiert nichts.
Fünf Runden zuvor in diesem Turnier spielte Weiß (Fedorov,A - Miezis,N) die
andere prinzipielle Fortsetzung - 10.Bxf6 - aber ohne Erfolg.} Qxc5 11. Kh1 {
Früher oder später will Weiß f2-f4 ziehen, bzw. nur f2-f3. Dieser Königszug
ist praktisch immer nützlich in der Sizilianischen Verteidigung.} (11. Qe2 d6
12. Kh1 b5 13. a4 b4 14. Nb1 O-O 15. Nd2 a5 16. Nb3 Qb6 17. f3 Bd7 18. Rfd1 {
1/2-1/2 Madl,I-Bojkovic,N/Erevan olw 1996}) 11... b5 {Schwarz muss so spielen
- er gewinnt Raum am Damenflügel und entwickelt den Läufer nach b7.} 12. Qe1 {
Eine schwerer, großmeisterlicher Zug - die Dame möchte in einigen Varianten an
den Königsflügel ( z.B. nach g3) gehen können. Zugleich kontrolliert sie von
hier aus den Damenflügel, wie unsere Partie nachfolgend belegen wird.} (12. a3
Bb7 13. f4 d6 14. Qe2 e5 15. fxe5 dxe5 16. Rf5 O-O 17. a4 b4 18. Nd5 Nxd5 19.
exd5 Qxd5 20. Rxe5 Qd4 21. Rf1 Qxb2 22. Re7 Bc6 23. Bc4 Kh8 24. a5 f5 {1/2-1/2
Kindermann,S-Horvath,J/AUT-chT9596 1996/CBM 52 ext (40)}) (12. Qd2 Bb7 13. Rae1
(13. f4 b4 14. Na4 Qd4 $13) 13... Qd4 (13... O-O 14. f4 e5 $2 (14... b4 15. Na4
Qd4 16. e5 Ne4 17. Qe2 f5 18. exf6 Nxf6 $11) 15. fxe5 Ng4 16. Nd5 $1 {1-0
Golubev,M-Tunik,G/Yalta 1995 (80)}) 14. f3 h6 15. e5 Nd5 16. Nxd5 Bxd5 17. c3
Qc5 18. Be4 Bxe4 (18... Bc6) 19. Rxe4 Ra7 20. Rfe1 {1-0 Ivanchuk,V-Ljubojevic,
L/Buenos Aires 1994/CBM 44/[Ribli] (38)}) 12... Bb7 13. f3 {Weiß stärkt seinen
e4-Zentrumsbauern. Später, in einem günstigen Moment, kann er immer noch f3-f4
ziehen.} (13. a3 O-O 14. f4 e5 15. Qh4 Rfe8 16. fxe5 Rxe5 17. Rxf6 gxf6 18. Rf1
Rg5 19. Rxf6 Qe5 20. Rf1 Re8 21. a4 Bc6 {0-1 Vouldis,A-Solak,D/Korinthos 1999/
EXT 2000 (74)}) 13... d6 14. a4 b4 (14... bxa4 15. Rxa4 $14 {Anschließend kann
Weiß Qe2 und Rfa1 ziehen - mit guten Chancen am Damenflügel.}) 15. Na2 a5 16.
c3 (16. Bb5+ Ke7 (16... Bc6 17. Bxc6+ Qxc6 18. c3 bxc3 19. Nxc3 $14 {[%csl Yb5]
[%cal Gc3b5]}) 17. c3 {Das ist nur eine Zugumstellung zu unserer Partie.})
16... bxc3 17. Bb5+ Ke7 {Schwarz hat keine Angst davor, dass der König in der
Mitte unsicher steht - nun kann er seine Türme verbinden.} (17... Bc6 18. Nxc3
$14) 18. Nxc3 Rhc8 {[%cal Gc8c2] Der Turm steht jetzt aktiv auf der c-Linie.
Schwarz möchte anschließend seine Königsstellung verbessern.} (18... Rhd8 19.
Rc1 Qb6 20. Qf2 Qxf2 21. Rxf2 Rdc8 22. Rfc2 g5 23. Kg1 h5 24. Kf2 h4 25. Ke3
Nh5 {1/2-1/2 Wohl,A-Zapata,A/Ubeda 1997/CBM 56 ext (36)}) 19. Rd1 Kf8 20. Rd3
$14 {Weiß hat aktives Figurenspiel und Initiative. Der Läufer steht solide auf
b5, und der schwarze d-Bauer ist eine potentielle Schwäche} d5 $5 {Schwarz
möchte die Stellung im Zentrum klären.} (20... Rc7 $14) 21. e5 {Weiß möchte
eine geschlossene Stellung erreichen, in der der Bb7 eine passive Rolle spielt.
} (21. exd5 Nxd5 22. Nxd5 Bxd5 $11) 21... Ng8 $6 {Dieser Zug platziert den
Springer weit ab vom Hauptkriegsschauplatz (Damenflügel). Der andere
Springerzug - mit guten Chancen auf Gegenspiel - ist vorzuziehen.} (21... Ne8
$5 {[%cal Ge8c7]} 22. Ne2 {[%cal Ge2d4]} Nc7 23. Nd4 Ba6 $132) 22. Ne2 {
[%cal Ge2d4] Diese Stellung erinnert mich an die Französische Verteidigung.
Der Springer ziehlt nach d4, wo er ein ideales Feld findet.} Ne7 23. Nd4 Bc6 $6
{Es ist logisch, dass Schwarz sich von dem passiven Läufer befreien möchte. In
der Partie bekommt Weiß dafür aber einen aktiven Bauern auf b5.} (23... Nc6 24.
Nxc6 (24. Bxc6 Bxc6 25. Qh4 (25. b3) 25... Kg8 (25... Bxa4 26. Nxe6+ fxe6 27.
Qxa4 Qc2 $13) 26. Rc3 Qb6 27. Rfc1 Bd7 $11) 24... Bxc6 25. Rc3 Qb6 26. b4 (26.
Qc1 Bb7 $11) 26... axb4 27. Rxc6 Rxc6 28. Bxc6 Qxc6 29. Qxb4+ Kg8 30. Ra1 $11)
24. g4 $1 {[%mdl 32] Weiß möchte - wie in der Partie - Bxb5 mit axb5
beantworten und verhindert daher den Zug Nf5.} Bxb5 25. axb5 a4 (25... Qb4 $142
) (25... Kg8 $142) 26. Qf2 {[%cal Gf2c5] Weiß verteidigt den Nd4, nun muss
Schwarz eventuell mit Rc3 rechnen.} a3 $2 {[%mdl 8192] Schwarz möchte endlich
seinen Turm aktivieren, aber dieser Zug verliert wegen taktischer Motive einen
Bauern.} (26... Qb6 27. f4 $36) 27. bxa3 Ke8 (27... Rxa3 28. Nxe6+ fxe6 29.
Qxc5 Rxc5 30. Rxa3 Rxb5 31. Rc1 $18) 28. Qe3 $16 {Weiß hat einen Bauern mehr
und auch wenn Schwarz die Initiative am Damenflügel hat, muss sich der
Materialvorteil früher oder später zeigen.} Ra4 29. Rb1 (29. f4 $16) 29... Rb8
(29... Rc4 30. b6 Rc1+ 31. Rxc1 Qxc1+ 32. Qxc1 Rxc1+ 33. Kg2 Rb1 34. Rb3 $18)
30. f4 {[%cal Gf4f5]} h5 {Schwarz opfert einen weiteren Bauern und möchte im
Trüben fischen.} 31. gxh5 {[%cal Gb1g1,Gg1g7]} Rc4 32. Rg1 Kd7 (32... Kf8 33.
h6 gxh6 34. f5 $40 {[%cal Re3h6,Rh6f8]}) 33. Rxg7 $18 {Jetzt hat Weiß schon
ganze drei Bauern mehr.} Rh8 34. f5 $5 {Weiß verzichtet auf den vierten (!)
Bauern, er möchte die Partie lieber mit einem direkten Angriff abschließen.} (
34. Rxf7 Rc1+ (34... Rxh5 35. Nc6 (35. f5 $18) 35... Qxb5 36. Rxe7+ Kxc6 37.
Rxe6+ $18) 35. Kg2 Rxh5 36. Nc6 Rc2+ 37. Kg3 $18) 34... Rxh5 35. Rxf7 exf5 (
35... Rc1+ 36. Kg2 $18) 36. e6+ Kc8 (36... Ke8 37. Rd1 $18) 37. Kg2 {Weiß
vermeidet das mögliche Schach auf c1.} Rh4 38. Nf3 (38. Nxf5 Rc2+ 39. Kg3 $18)
38... Rc2+ 39. Kg3 Rg4+ 40. Kh3 d4 41. Rxd4 (41. Nxd4 $18) 41... Nd5 42. e7 $1
1-0

[Event "EU-ch 4th"]
[Site "Istanbul"]
[Date "2003.06.12"]
[Round "12"]
[White "Nyysti, Sampsa"]
[Black "Ivanisevic, Ivan"]
[Result "0-1"]
[WhiteElo "2437"]
[BlackElo "2569"]
[Annotator "Ribli,Z"]
[PlyCount "106"]
[EventDate "2003.05.30"]
[EventType "swiss"]
[EventRounds "13"]
[EventCountry "TUR"]
[SourceTitle "CBM 096"]
[Source "ChessBase"]
[SourceDate "2003.09.25"]
[SourceVersion "1"]
[SourceVersionDate "2003.09.25"]
[SourceQuality "1"]

1. e4 c5 2. Nf3 Nc6 3. d4 cxd4 4. Nxd4 Qc7 5. Nc3 e6 6. Be3 a6 7. Qd2 Nf6 8.
O-O-O Bb4 9. f3 Ne5 {Dieser Springerzug wird oft gespielt. Die Alternative 9...
Ne7 kommt ebenfalls in Betracht.} 10. Nb3 b5 11. Bd4 Bb7 {Diesen Läuferzug
sieht man recht selten - die Alternative 11...Be7 ist populärer.} (11... Be7)
12. Qg5 {Dieser Zug scheint zunächst logisch, denn es hängen jetzt
gleichzeitig der Pg7 und der Ne5. Dennoch bietet die Alternative 12.Kb1 meiner
Meinung nach Weiß bessere Chancen.} (12. Kb1 $142 Be7 13. Qf2 (13. Na5 d6 14.
Ne2 {1/2-1/2 Ivanchuk,V-Ljubojevic,L/Belgrade 1995/CBM 51 (14)} (14. Nxb7 $1
Qxb7 15. f4 Nc6 16. Bxf6 Bxf6 17. g4 $36)) 13... O-O 14. g4 b4 15. g5 bxc3 {
1/2-1/2 Handke,F-Teske,H/Germany 2003/CBM 94 (15)}) (12. Qe3 Rc8 13. Be2 Ng6
14. Kb1 e5 (14... Nf4 15. Bf1 e5 16. Bb6 Qb8 $36) 15. Bb6 Qb8 16. g4 d5 17.
Nxd5 Bxd5 18. exd5 Nf4 19. d6 Bxd6 20. Ba5 O-O {1/2-1/2 Zontakh,A-Perunovic,M/
Lazarevac 1999/CBM 73 ext (53)}) (12. Qf2 Rc8 13. Kb1 Be7 14. Rg1 (14. a3 O-O
15. g4 d6 16. g5 Nfd7 17. Rg1 Nc6 18. Be3 b4 19. axb4 Nxb4 20. f4 Rfe8 {
1/2-1/2 Cheparinov,I-Matulovic,M/Pancevo YUG 2003/ (36)}) 14... Nc6 15. Bb6
Qxh2 16. Be2 Qb8 17. g4 d6 18. g5 Nd7 19. Be3 Nce5 {1/2-1/2 Sedlak,N-Matulovic,
M/Subotica 2003/CBM95 (43)}) 12... Ng6 13. Bc5 $146 {[%mdl 4] Aus
strategischer Sicht ist es konsequent, die schwarzfeldirgen Läufer vom Brett
zu entfernen, um Schwarz auf den schwarzen Feldern weiter zu schwächen.} (13.
Bxf6 gxf6 14. Qxf6 Rc8 15. Qd4 Bxc3 16. bxc3 O-O 17. Kb2 Rfd8 18. Bd3 d5 {
1/2-1/2 Bezemer,A-Handke,F/Amsterdam 2001/CBM 83 ext (61)}) (13. e5 Nd5 14.
Nxd5 Bxd5 15. Kb1 O-O 16. Bd3 Be7 17. Qe3 d6 18. f4 dxe5 19. fxe5 Rfc8 {
0-1 Martinez,J-Trajkovic,P/Sautron 2002/EXT 2003 (60)}) 13... Bxc5 14. Qxc5
Qxc5 15. Nxc5 {Ich muss anmerken, dass wir hier eine ähnliche Stellung wie in
der Partie Leko,P - Vallejo Pons Linares 2003 vor uns haben: nach den Zügen 11.
..Be7 12.Qg5 Ng6 13.Qg3 Bd6 14.Qf2 Rb8 15.Kb1 0-0 16.Bc5 Bxc5 17.Qxc5 Qxc5 18.
Nxc5. Ein großer Unterschied besteht allerdings darin, dass der König in
unserer Partie im Hinblick auf das Endspiel besser, nämlich im Zentrum steht..}
Bc6 $11 16. a4 (16. b4 Ke7 17. Kb2 Rhc8 $11) 16... bxa4 (16... b4 $6 17. Ne2 a5
18. Nd4 $14) 17. N5xa4 Ke7 {[%csl Ge7] Der schwarze König steht gut im Zentrum.
In der Folge kann Schwarz d7-d6 ziehen. Weiß hat zwar die bessere
Bauernstruktur, aber Schwarz bekommt Gegenspiel auf der b- und c-Linie.} 18. b3
Rhb8 (18... Bxa4 19. Nxa4 d5 $11) 19. Kb2 a5 {[%csl Ga5] Schwarz muss den
a-Bauern auf a5 stellen.} 20. Rd2 h5 {Dieser Zug gefällt mir nicht, denn der
Ph5 kann später leicht eine Schwächung sein.} (20... d5 21. exd5 Nxd5 22. Nxd5+
Bxd5 $11) (20... d6) 21. Bd3 (21. h4 d5 22. exd5 Nxd5 23. Nxd5+ Bxd5 $11) 21...
Ne5 22. h4 Ra7 {[%cal Ga7c7]} 23. Re1 Rb4 {[%csl Ga7,Gb4,Gc6,Ge5] Schwarz hat
gutes Figurenspiel und positionellen Druck am Damenflügel. Andererseits droht
noch nicht Konkretes.} 24. Na2 Rb8 25. N2c3 d6 $5 {Schwarz gibt sich nicht mit
Remis durch Zugwiederholung (25...Rb4) zufrieden.} 26. Bf1 Rd7 27. Ka3 Rc7 {
[%cal Gb8b1,Gc7c1]} 28. Nb2 Be8 29. Nc4 (29. Ncd1 $11 {[%cal Gd1e3,Ge3c4]})
29... Nfd7 30. Na4 (30. Nxe5 Nxe5 31. Re3 $11) 30... Nxc4+ 31. Bxc4 Ne5 32. Be2
Bxa4 33. Kxa4 (33. bxa4 Rb4 $17) 33... Rb4+ 34. Ka3 Rb6 35. f4 Ng6 (35... Ng4
$6 36. Bxg4 hxg4 37. Re3 $14) 36. g3 {Es hat den Anschein, als stünde Weiß
aufgrund der besseren Bauernstruktur und des schwachen Ph5 besser.} a4 $1 {
[%mdl 64] Das ist die Pointe des schwarzen Spiels - plötzlich, da Schwarz die
Linien (und Reihen) am Königsflügel öffnet, befindet sich der weiße König in
großer Not.} 37. bxa4 (37. Bxh5 {Die "Alternative" 37.Kxa4?? wäre ganz
schlecht wegen 37...Ra7#.} axb3 38. cxb3 Rc3 39. Rb1 (39. Bxg6 Rcxb3+ 40. Ka2
fxg6 $15) 39... Rxg3 40. Bxg6 Rxg6 $15) 37... Rc3+ {[%cal Rc3a3,Rc3g3]} 38. Ka2
Rxg3 $15 {[%cal Rg6f4,Rg6h4]} 39. Bb5 {Mit dem Textzug festigt Weiß seinen Bb5.
Nun möchte er seine Bauern am Damenflügel mobilisieren.} (39. Bxh5 Nxf4 $17) (
39. f5 Ne5 $15 {[%csl Ge5]}) 39... Nxf4 40. c4 Rd3 41. Rb2 {[%cal Gc4c5,Gc5b6,
Gb5d3] Jetzt muss Schwarz wegen der Doppeldrohung 42.c5 vorsichtig sein.} (41.
Rxd3 Nxd3 42. Re3 Nc5 $17) 41... Rd4 {[%csl Gd4][%cal Rf4d3,Rd3b2,Rd3e1]} 42.
a5 Rb7 (42... Rb8) 43. Kb1 Ra7 $17 44. Ra2 (44. a6 Kf6 $17 {[%cal Gf6e5]})
44... e5 45. Kc2 Nd3 46. Rb1 Nc5 $19 {[%csl Gc5] Nach diesem Zug verliert Weiß
weitere Bauern, und der Pa5 stellt keinerlei Gefahr für Schwarz dar.} 47. Bc6
Rxc4+ 48. Kd1 Kd8 (48... Nxe4 $19) 49. Bd5 Rd4+ 50. Ke2 Nxe4 51. Bxe4 Rxe4+ 52.
Kd3 Rd4+ 53. Ke3 Rc4 0-1

[Event "Olympiad-34"]
[Site "Istanbul"]
[Date "2000.11.05"]
[Round "8.1"]
[White "Fedorov, Alexei"]
[Black "Miezis, Normunds"]
[Result "0-1"]
[WhiteElo "2646"]
[BlackElo "2518"]
[Annotator "Ribli,Z"]
[PlyCount "66"]
[EventDate "2000.10.28"]
[EventType "team-swiss"]
[EventRounds "14"]
[EventCountry "TUR"]
[SourceTitle "EXT 2001"]
[Source "ChessBase"]
[SourceDate "2000.11.22"]
[SourceVersion "1"]
[SourceVersionDate "2000.11.22"]
[SourceQuality "1"]
[WhiteTeam "Belarus"]
[BlackTeam "Latvia"]
[WhiteTeamCountry "BLR"]
[BlackTeamCountry "LAT"]

1. e4 c5 2. Nf3 e6 3. Nc3 a6 4. d4 (4. g3 $5) 4... cxd4 5. Nxd4 Qc7 6. Bd3 Nc6
7. Be3 {Das ist eine prinzipielle Antwort gegen des Taimananov-Paulsen System.
Anschließend möchte Weiß kurz rochieren und mit f2-f4 angreifen.} Nf6 8. O-O
Nxd4 {Das ist eine alte Variante, die vor ca. 30-40 Jahren populär war. 
(Heutzutage spielt man lieber 8...Ne5, 8...b5, 8...Bd6 oder 8...h5)} 9. Bxd4
Bc5 {Das ist die Idee des schwarzen Spiels - er möchte den Bd4 abtauschen. Er
hat keine Angst vor einem Doppelbauern auf der f-Linie.} 10. Bxf6 {Dieser Zug
führt zu scharfem Spiel. Ruhiger ist die Alternative 10.Bxc5.} gxf6 11. Qg4 {
[%cal Gg4g7]} Kf8 (11... Qe5) 12. Kh1 (12. Qh4 Qe5 13. Kh1 Qg5 14. Qh3 h5 15.
Be2 Qf4 16. g3 Qh6 17. f4 b5 18. Rad1 Ra7 19. a3 Rc7 20. Rd3 Bb7 21. Qh4 Be7
22. f5 Qg5 23. Qxg5 fxg5 {0-1 Garcia,G-Zapata,A/Bogota 1992/EXT 97 (46)}) 12...
h5 13. Qh4 (13. Qh3 Qf4 14. Be2 b5 15. Rad1 Ke7 16. Rd5 Bb4 17. Rxh5 Rxh5 18.
Qxh5 Bb7 19. Bd3 Rg8 20. Ne2 Qe5 21. Qxe5 fxe5 22. f3 d5 23. exd5 exd5 24. Ng3
{1-0 Balashov,Y-Tregubov,P/Katowice 1992/TD (41)}) 13... Be7 14. f4 b5 {
Die weiße Initiative am Königsflügel wirkt gefährlich, aber Schwarz hat auch
seine Chancen. Denn er hat das Läuferpaar, und der weißfeldrige Läufer hat ein
ideales Feld auf b7.} (14... f5 $6 15. Qg3 fxe4 16. Nxe4 d5 17. Ng5 $40) 15. f5
Qe5 {[%csl Ge5] Die schwarze Dame steht aktiv auf e5 und kontrolliert die
wichtigen Punkte.} (15... Bb7 16. Ne2 e5 17. Ng3 Rd8 18. c3 Qb6 19. Rae1 d5 20.
Re2 dxe4 21. Bxe4 Bxe4 22. Nxe4 b4 23. h3 Qb5 24. Ree1 bxc3 25. bxc3 Qc4 {
1-0 Maiorov,O-Tregubov,P/Krasnodar 1998/EXT 2000 (37)}) 16. Rae1 Bb7 17. Nd1
$13 {Der Springer strebt an den Königsflügel, aber es gibt keinen konkreten
Stützpunkt für ihn. Der Bd3 steht passiv. Trotzdem muss Schwarz vorsichtig
sein, denn sein König steht unsicher.} (17. a3 Kg7 18. Re3 Rag8 19. Rg3+ Kh6
20. Rf4 Rxg3 21. hxg3 Rg8 22. Nd1 Rg5 23. Kh2 {1-0 Kolotilin,Y-Borgo,G/
Pardubice 1999/EXT 2000 (40)}) (17. a4 Bc6 $1 (17... b4 18. Nd1 $36 {[%cal
Gd1e3,Ge3c4]}) 18. a5 Re8 19. Nd1 Bd8 20. c3 Kg7 21. b4 Reg8 22. c4 Be7 23. c5
{0-1 Tseitlin,M-Soffer,R/Tel Aviv 1994/CBM 45 ext/[Ribli] (57)}) 17... Kg7 {
Schwarz muss so spielen - er bereitet Rag8 vor.} 18. Rf3 {[%cal Gf3g3,Gg3g7]}
Rag8 19. c3 (19. Ref1 Kf8 $13) 19... Kf8 {Endlich hat der schwarze König eine
sichere Stellung erreicht. Die schwarzen Türme sind verbunden.} 20. Ne3 Rg5 {
Schwarz verteidigt zunächst den Ph5 und bereitet die Turmverdopplung auf der
g-Linie vor.} 21. Re2 Rhg8 $15 {Schwarz hat eine aktive Stellung und das
Läuferpaar. Es fällt schwer eine Möglichkeit zu finden, wie Weiß seine
Stellung verbessern könnte.} 22. Bc2 Bc5 {[%cal Gc5g1,Gb7h1,Gg8g1][%mdl 2048]}
23. Nf1 (23. fxe6 dxe6 24. Rd2 Ke7 $15) 23... d5 $1 {[%cal Ge5e2] Schwarz
öffnet die Stellung für seine beiden aktiven Läufer.} 24. Ng3 Rg4 $1 {[%cal
Rg4h4,Rg4e4] Der Ph5 zählt nicht mit. Schwarz will den wichtigen
Zentrumsbauern auf e4 erobern.} 25. Qxh5 dxe4 26. Rf1 e3 {[%cal Gb7h1]} 27.
Qh6+ Ke7 28. Rfe1 $2 {Der Turm steht unglücklich auf e1 - es wäre besser, die
offene d-Linie zu besetzen.} (28. Rd1 $15) {[#]} 28... Rxg3 $1 {[%mdl 512] Mit
diesem Opfer beseitigt Schwarz eine wichtige weiße Verteidigungsfigur.} 29.
hxg3 Qxg3 30. Qh2 Rh8 $1 $19 {Dieses schöne Turmopfer ist die beste
Fortsetzung für Schwarz.} (30... Bxg2+ 31. Qxg2 Rh8+ 32. Kg1 Qxe1+ 33. Rxe1 e2+
{Diese Schach ist die Pointe im Spiel von Schwarz.} 34. Qf2 Rg8+ 35. Kh1 Bxf2
36. Rxe2 $17) 31. Qxh8 Bxg2+ 32. Kg1 $6 {Diese Fortsetzung verliert forciert,
aber zu diesem Zeitpunkt konnte Weiß die Partie ohnehin nicht mehr retten.} (
32. Rxg2 Qxe1+ 33. Rg1 (33. Kh2 Bd6+ $19) 33... Qxg1+ 34. Kxg1 e2+ 35. Kg2 e1=Q
36. Qh2 $8 e5 37. Kf3 Qc1 $19) 32... Bd5+ 33. Kf1 Bc4 {[%cal Rg3f2,Rf2f1]
Droht Matt auf f2 - Weiß muss aufgeben.} 0-1

[Event "Olympiad-30"]
[Site "Manila"]
[Date "1992.06.22"]
[Round "13.1"]
[White "Short, Nigel D"]
[Black "Rogers, Ian"]
[Result "1-0"]
[WhiteElo "2685"]
[BlackElo "2550"]
[Annotator "Rogers,I"]
[PlyCount "83"]
[EventDate "1992.06.08"]
[EventType "team-swiss"]
[EventRounds "14"]
[EventCountry "PHI"]
[SourceTitle "CBM 030"]
[Source "ChessBase"]
[SourceDate "1992.10.01"]
[SourceVersion "1"]
[SourceVersionDate "1992.10.01"]
[SourceQuality "1"]
[WhiteTeam "England"]
[BlackTeam "Australia"]
[WhiteTeamCountry "ENG"]
[BlackTeamCountry "AUS"]

1. e4 c5 2. Nf3 Nc6 3. d4 cxd4 4. Nxd4 Qc7 5. Nc3 e6 6. Be3 a6 7. Bd3 b5 ({
At the time this game was played White's opening system was not considered to
be particularly incisive and} 7... Ne5 $1 {was the recommended equaliser.}) 8.
Nxc6 Qxc6 9. O-O Bb7 10. Qd2 Nf6 11. f3 Bc5 12. Kh1 Bxe3 13. Qxe3 b4 14. Ne2
O-O 15. Rfc1 $1 {Preparing to open up the queenside and embarrass Black's
queen. Black must defend accurately.} e5 $1 16. c3 Qd6 17. Ng3 bxc3 18. Rxc3 g6
19. Bc4 Bc6 20. Rd3 Qe7 21. Rad1 a5 22. Qh6 Rfb8 23. Rd6 $5 Ne8 24. R6d2 (24.
Rxg6+ hxg6 25. Qxg6+ Kf8 {leads only to a draw.}) 24... Nf6 25. h4 $5 a4 $6 (
25... Ra7 $1 {would avoid the ensuing combination but Black believed Short's
last move to be pure bluff.}) 26. h5 $1 Nxh5 $2 ({It was not too late to hold
the position with} 26... Kh8 27. Qg5 Rf8 $1 {/\28...Ng8.}) 27. Nxh5 ({I had
only considered} 27. Nf5 {here since Short's move seems to lose a pawn.}) 27...
Qh4+ 28. Kg1 Qxh5 29. Bxf7+ $3 {An enormous shock for Black.} Kh8 ({Since} 
29... Kxf7 30. Rxd7+ Bxd7 31. Rxd7+ Ke6 32. Qg7 {leads to mate, Black must
resign himself to a losing endgame a pawn down.}) 30. Qxh5 gxh5 31. Bxh5 Ra7
32. Bf7 $1 Kg7 33. Bc4 Rb4 34. b3 axb3 35. axb3 Rb8 36. Kh2 Rba8 37. Kh3 Ra2
38. Bd5 $1 Rxd2 39. Rxd2 Rb8 40. Kg4 Bb5 41. Bc4 Bxc4 42. bxc4 (42. bxc4 Rb7
43. Kf5 {Black must lose another pawn.}) 1-0